00788 a2200193 4500003000400000005001700004008004100021020001800062040000900080082001900089100002200108245007500130260003900205300000900244942004400253952014000297952014000437999001700577OSt20231121145559.0231121b |||||||| |||| 00| 0 eng d a9788123918785 coclc a574.028bABH/I aM, Abhilash99914 aIntroduction to bioinformatics and microarray technology /cAbhilash M aNew Delhi:bCBS Publishers,c2010. a203p 2ddccBKh574.028iABH/Ik574.028mABH/I 00102ddc40708BIOLOGYaMESbMEScBOTANYd2023-11-21l0o574.028 ABH/Ip43561r2023-11-21 14:56:47t1v275.00w2023-11-21yBKzGL18R2 00102ddc40708BIOLOGYaMESbMEScBOTANYd2023-11-21l0o574.028 ABH/Ip43562r2023-11-21 14:57:27t2v275.00w2023-11-21yBKzGL18R2 c43664d43664